Statistics for Countries With The Highest Female Life Expectancy

Click here to take the quiz!

General Stats

  • This quiz has been taken 28 times
  • The average score is 42 of 50

Answer Stats

YearsCountry% Correct
85.4Australia
100%
84.1Belgium
100%
84.7Canada
100%
83.3Denmark
100%
85.1Finland
100%
85.8France
100%
86.0Italy
100%
88.1Japan
100%
84.3Netherlands
100%
84.7Norway
100%
82.9Poland
100%
85.0Sweden
100%
85.4Andorra
96%
84.2Austria
96%
84.9Iceland
96%
84.6Malta
96%
88.9Monaco
96%
84.4New Zealand
96%
86.4South Korea
96%
86.7Spain
96%
81.3United States
96%
81.8Croatia
92%
83.0Estonia
92%
84.1Germany
92%
85.1Greece
92%
84.8Luxembourg
92%
85.2Portugal
92%
86.1Singapore
92%
83.4Cyprus
88%
86.1Liechtenstein
88%
81.7Lithuania
88%
86.0Switzerland
88%
82.3Czech Republic
84%
84.3Ireland
84%
84.7San Marino
84%
81.6Slovakia
84%
84.4Slovenia
84%
83.7Taiwan
84%
82.9Chile
76%
84.9Israel
72%
83.2United Kingdom
68%
83.5Costa Rica
64%
82.0Uruguay
64%
82.2Panama
60%
82.5Qatar
60%
81.2Cuba
56%
81.3Thailand
52%
81.2Lebanon
44%
81.1Barbados
40%
81.5Maldives
24%

Score Distribution

Percentile by Number Answered

Percent of People with Each Score

Your Score History

You have not taken this quiz